[Event "ch-RUS Boys u20"]
[Site "St Petersburg RUS"]
[Date "2008.03.11"]
[Round "4"]
[White "Chadaev,N"]
[Black "Rakhmanov,Ale"]
[Result "1-0"]
[WhiteElo "2471"]
[BlackElo "2524"]

1.e4 c5 2.Nf3 d6 3.Bb5+ Nd7 4.d4 Nf6 5.Nc3 a6 6.Bxd7+ Nxd7 7.O-O e6 8.Bg5 Qc7
9.a4 cxd4 10.Nxd4 Qc5 11.Be3 Qc7 12.f4 Be7 13.Qf3 Nf6 14.Qg3 g6 15.Rad1 h5
16.h3 Bd7 17.Qf2 Rc8 18.Nf3 Bc6 19.Bb6 Qb8 20.Rfe1 Kf8 21.Bd4 Rg8 22.e5 Nd7
23.exd6 Bxd6 24.Ne5 Nxe5 25.fxe5 Be7 26.Ba7 Qa8 27.Bb6 Kg7 28.Rd4 Rcf8 29.Ne4 Bxe4
30.Rexe4 Qe8 31.Rc4 Bd8 32.a5 Kh7 33.b4 Rg7 34.Bxd8 Qxd8 35.Red4 Qg5 36.Qf4 Qf5
37.g4 Qxf4 38.Rxf4 hxg4 39.hxg4 Kh6 40.Kf2 Kg5 41.Ke3 Rb8 42.c3 b6 43.axb6 Rxb6
44.Rc7 Rb5 45.Rc5 Rb6 46.Rfc4 Rh7 47.Rc6 Rb5 48.R4c5 Rxc5 49.Rxc5 Kxg4 50.Ra5 Kf5
51.Kd4 Rh4+ 52.Kc5 Kxe5 53.Rxa6 f5 54.b5 Rh8 55.b6 Rc8+ 56.Kb4 g5 57.c4 g4
58.c5 g3 59.Ra1 Kd5 60.Rd1+ Kc6 61.Rd6+ Kb7 62.Kb5 Kb8 63.Rd7 Rg8 64.c6  1-0

[Event "TCh-AUT 1st Bundesliga 2007-8"]
[Site "Graz AUT"]
[Date "2008.03.13"]
[Round "8"]
[White "Wegerle,J"]
[Black "Baklan,V"]
[Result "1/2-1/2"]
[WhiteElo "2415"]
[BlackElo "2647"]

1.e4 c5 2.Nf3 d6 3.Bb5+ Bd7 4.Bxd7+ Qxd7 5.c4 Nc6 6.O-O g6 7.d4 Bg7 8.Be3 Nf6
9.Nc3 cxd4 10.Bxd4 Nxd4 11.Nxd4 O-O 12.Rc1 Qc7 13.Qe2 Rac8 14.b3 a6 15.Rfd1 e6
16.h3 Rfd8 17.Qe3 Qc5 18.Nc2 Qxe3 19.Nxe3 Kf8 20.f3 Ke7 21.Kf2 Nd7 22.Ne2 Nc5
23.Rc2 h5 24.h4 Rb8 25.Nf4 Rdc8 26.Nd3 b5 27.Ke2 Nxd3 28.Rxd3 Be5 29.Kf2 f5
30.exf5 gxf5 31.g3 bxc4 32.Rxc4 d5 33.Ra4 Rc6 34.f4 Bd6 35.Ke2 Kd7 36.Kd2 Rbc8
37.a3 Ke7 38.Ra5 Bc7 39.Ra4 Bb6 40.Ke2 a5 41.b4 axb4 42.Rxb4 Ra8 43.Kd1 Kf6
44.Nc2 Rac8 45.Rb2 Ba5 46.Nb4 Rc1+ 47.Ke2 R8c4 48.Rdb3 Re4+ 49.Kf3 d4 50.Rd3 Rce1
51.Rbd2 R4e3+ 52.Rxe3 Rxe3+ 53.Kg2 Bxb4 54.axb4 e5 55.fxe5+ Kxe5 56.Rb2 Kd5
57.b5 Re7 58.b6 Rb7 59.Kf3 Kc5 60.Rc2+ Kd5 61.Rb2 Kc5 62.Rc2+ Kxb6 63.Ke2 Rg7
64.Kd3 Rxg3+ 65.Kxd4 Rg4+ 66.Ke5 f4 67.Rf2 Rxh4 68.Rxf4 Rh1 69.Kf5 h4 70.Kg5 h3
71.Kh4 Kc5 72.Rf3 h2 73.Kh3 Kd4  1/2-1/2

[Event "ch-RUS Boys u20"]
[Site "St Petersburg RUS"]
[Date "2008.03.14"]
[Round "7"]
[White "Chadaev,N"]
[Black "Lovkov,R"]
[Result "1-0"]
[WhiteElo "2471"]
[BlackElo "2457"]

1.e4 c5 2.Nf3 d6 3.Bb5+ Nd7 4.d4 cxd4 5.Qxd4 Nf6 6.Nc3 a6 7.Bxd7+ Bxd7 8.Bg5 h6
9.Bxf6 gxf6 10.Nd5 Rc8 11.O-O-O Rg8 12.Nh4 Qa5 13.Nf5 Bxf5 14.exf5 Qc5 15.Qxc5 Rxc5
16.Rhg1 h5 17.f4 Kd7 18.b4 Rc6 19.Rde1 Rh8 20.Rgf1 Rh6 21.a3 e6 22.Ne3 d5
23.fxe6+ fxe6 24.f5 d4 25.fxe6+ Rxe6 26.Nf5 Rxe1+ 27.Rxe1 Rg6 28.g3 a5 29.Rd1 axb4
30.axb4 Ke6 31.Nxd4+ Kd5 32.c3 Kc4 33.Kc2 Bd6 34.Nb3 Be5 35.Na5+ Kb5 36.Rd5+ Ka6
37.Nc4 Rg7  1-0

[Event "TCh-AUT 1st Bundesliga 2007-8"]
[Site "Graz AUT"]
[Date "2008.03.15"]
[Round "10"]
[White "Rozentalis,E"]
[Black "Gross,Dav GER"]
[Result "1/2-1/2"]
[WhiteElo "2567"]
[BlackElo "2491"]

1.e4 c5 2.Nf3 d6 3.Bb5+ Bd7 4.Bxd7+ Qxd7 5.O-O Nc6 6.c3 Nf6 7.Qe2 e6 8.d3 Be7
9.Nbd2 O-O 10.Ng5 h6 11.Nh3 Nh7 12.f4 f5 13.Nf3 Rad8 14.Bd2 d5 15.exf5 exf5
16.Rae1 Rde8 17.Ne5 Qd6 18.Qf3 Bf6 19.Ng6 Rxe1 20.Rxe1 Rd8 21.Qh5 Nf8 22.Nh4 Bxh4
23.Qxh4 Nh7 24.Nf2 Nf6 25.h3 Re8 26.Rxe8+ Nxe8 27.g4 Qe6 28.Kf1 Nd6 29.Qg3 Kf7
30.Qf3 g6 31.b3 Ke7 32.Nd1 d4 33.c4 Kd7 34.a3 a5 35.Nf2 Kc7 36.Nh1 b6 37.Ng3 Kd7
38.Ne2 Qf7 39.Be1 Qe6 40.g5 h5 41.b4 axb4 42.axb4 Qg8 43.b5 Ne7 44.Bf2 Qc8
45.Ng1 Qb7 46.Qxb7+ Nxb7 47.Nf3 Ke6 48.Ke2 Kd6 49.Kd2 Ke6 50.Kc2 Kd6 51.Kb3 Kd7
52.Ka4 Kd6 53.Bg1 Nc8 54.Bf2 Ne7 55.Be1 Ke6 56.Bd2 Kd6 57.Bc1 Ke6 58.Ba3 Kd7  1/2-1/2

[Event "ch-UKR Girls u20"]
[Site "Odessa UKR"]
[Date "2008.03.15"]
[Round "11"]
[White "Dolzhikova,K"]
[Black "Chulivska,V"]
[Result "1-0"]
[WhiteElo "2308"]
[BlackElo "2291"]

1.e4 c5 2.Nf3 d6 3.Bb5+ Bd7 4.Bxd7+ Qxd7 5.c4 Nf6 6.Nc3 Nc6 7.d4 cxd4 8.Nxd4 e6
9.Be3 Be7 10.O-O O-O 11.Qe2 Rac8 12.Rac1 Rfd8 13.Rfd1 Qe8 14.h3 Ne5 15.b3 Ng6
16.Nc2 b6 17.f4 Qc6 18.f5 Nf8 19.Bf2 Qb7 20.Rd3 exf5 21.exf5 d5 22.Nxd5 Nxd5
23.cxd5 Rxd5 24.Rxd5 Qxd5 25.Qxe7 Rxc2 26.Rxc2 Qd1+ 27.Kh2 Qxc2 28.Bg3 Qxf5
29.Qxa7 Qe6 30.Qb8 g5 31.Bd6 Qh6 32.a4 Qg7 33.b4 g4 34.Qxf8+ Qxf8 35.Bxf8 Kxf8
36.a5  1-0

[Event "72nd ch-BUL"]
[Site "Plovdiv BUL"]
[Date "2008.03.15"]
[Round "2"]
[White "Spasov,V"]
[Black "Iotov,V"]
[Result "1-0"]
[WhiteElo "2579"]
[BlackElo "2495"]

1.e4 c5 2.Nf3 d6 3.Bb5+ Bd7 4.c4 Nc6 5.d4 cxd4 6.Nxd4 Nf6 7.Nc3 g6 8.h3 Bg7
9.Be3 O-O 10.O-O Nxd4 11.Bxd7 Nf3+ 12.Qxf3 Nxd7 13.Rac1 a6 14.Qe2 Rc8 15.Rfd1 f5
16.exf5 Rxf5 17.Bd4 Qf8 18.Qe6+  1-0

[Event "Victor Ciocaltea mem"]
[Site "Bucharest ROM"]
[Date "2008.03.16"]
[Round "3"]
[White "Lupulescu,C"]
[Black "Jianu,V"]
[Result "1/2-1/2"]
[WhiteElo "2553"]
[BlackElo "2530"]

1.e4 c5 2.Nf3 d6 3.Bb5+ Nc6 4.d4 cxd4 5.Qxd4 Bd7 6.Bxc6 Bxc6 7.c4 Nf6 8.Nc3 e6
9.O-O Be7 10.b3 O-O 11.Bb2 Qa5  1/2-1/2

[Event "39th Open"]
[Site "Mar del Plata ARG"]
[Date "2008.03.16"]
[Round "3"]
[White "Gallego,G"]
[Black "Contin,D"]
[Result "0-1"]
[WhiteElo "2027"]
[BlackElo "2309"]

1.e4 c5 2.Nf3 d6 3.Bb5+ Bd7 4.Bxd7+ Qxd7 5.c4 Nc6 6.Nc3 g6 7.d4 cxd4 8.Nxd4 Bg7
9.Nde2 Nf6 10.f3 O-O 11.O-O Rfc8 12.b3 e6 13.Bb2 a6 14.Kh1 Rab8 15.a4 Qd8
16.Rb1 Ne8 17.f4 f5 18.exf5 gxf5 19.Ng3 Nf6 20.Nh5 Nxh5 21.Qxh5 Qe8 22.Qd1 Qe7
23.Rf3 Kh8 24.Rg3 Bf6 25.Rg5 Rf8 26.Qd2 h6 27.Rg6 Kh7 28.Rg3 Rbd8 29.Re1 Qf7
30.Rh3 Rg8 31.Qd3 Rg4 32.Rf3 Bd4 33.h3 Rg6 34.Ba1 Qg7 35.g3 Nb4 36.Qd2 Rxg3
37.Qxd4 Qxd4 38.Rxg3 Qxf4 39.Rg7+ Kh8 40.Reg1 e5 41.Bb2 Nd3 42.Nd5 Nf2+ 43.Kg2 Qd2
44.Bc3 Qc2 45.Ne3 Qxc3 46.Kxf2 Qd2+  0-1

[Event "31st San Sebastian Open"]
[Site "Donostia ESP"]
[Date "2008.03.17"]
[Round "2"]
[White "Quinn,R"]
[Black "Mateo,Ra"]
[Result "0-1"]
[WhiteElo "2024"]
[BlackElo "2484"]

1.e4 c5 2.Nf3 d6 3.Bb5+ Bd7 4.Bxd7+ Qxd7 5.O-O Nf6 6.e5 dxe5 7.Nxe5 Qc7 8.d4 e6
9.Bf4 Bd6 10.Na3 Bxe5 11.Bxe5 Qc6 12.Nc4 Nbd7 13.Nd6+ Ke7 14.Bg3 Rhd8 15.Qe2 Kf8
16.Rfd1 a6 17.c4 cxd4 18.Rxd4 Kg8 19.Rad1 Nf8 20.Nf5 Re8 21.Nh6+ gxh6 22.Be5 Rac8
23.Bxf6 e5 24.Qg4+ Ng6 25.Rd6 Qxc4 26.Qh5 Nf4 27.Qxh6 Ne2+ 28.Kh1 Qg4 29.Qe3 Nf4
30.g3 Nh5 31.Bxe5 Rc6 32.Rd8 Re6 33.Kg2 f6 34.Rxe8+ Rxe8 35.Qb3+ Kh8 36.Bd4 Rg8
37.Rd2 Nf4+ 38.Kh1 Nh5 39.Qe3 Rc8 40.Bc3 Qh3 41.Rd1 Qf5 42.Qd4 Re8 43.Kg2 h6
44.Qd3 Qg5 45.Qf3 b5 46.Rd5 Nf4+ 47.Qxf4 Qxd5+ 48.Kh3 Qe6+ 49.Kg2 Qe4+ 50.Qxe4 Rxe4
51.Bxf6+ Kg8 52.Kf3 Rc4 53.a3 Kf7 54.Bc3 Kg6 55.g4 Rc7 56.h4 h5 57.Kg3 Rd7
58.gxh5+ Kxh5 59.Bf6 a5 60.f3 b4 61.axb4 axb4 62.Kf4 Kg6 63.Be5 Kh5 64.Kg3 Rd3
65.Bf6 Kg6 66.Be5 Kf5 67.Bg7 Rd7 68.Bf8 b3 69.h5 Rf7 70.Bd6 Kg5 71.f4+ Kxh5
72.Kf3 Rd7 73.Be5 Rd1 74.Ke2 Rd7 75.Kf3 Rd8 76.Bc3 Rd3+  0-1

[Event "57th ch-BUL w"]
[Site "Plovdiv BUL"]
[Date "2008.03.17"]
[Round "3"]
[White "Savova,S"]
[Black "Videnova,I"]
[Result "1/2-1/2"]
[WhiteElo "2165"]
[BlackElo "2188"]

1.e4 c5 2.Nf3 d6 3.Bb5+ Bd7 4.c4 Nc6 5.O-O g6 6.d4 cxd4 7.Nxd4 Bg7 8.Be3 Nf6
9.f3 O-O 10.Nc3 a6 11.Bxc6 bxc6 12.Rc1 Ne8 13.Kh1 f5 14.exf5 gxf5 15.Qd2 e5
16.Bg5 Nf6 17.Nde2 Be6 18.Rfd1 d5 19.cxd5 cxd5 20.Bxf6 Bxf6 21.Nxd5 Bg5 22.f4 exf4
23.Ndxf4 Qxd2 24.Rxd2 Bxa2 25.Rd3 Kh8 26.Ra3 Bg8 27.g3 Bf6 28.Rc2 a5 29.Kg2 Rfb8
30.Nc3 Ra7 31.Rd2 a4 32.Kf2 Bb3 33.Nce2 Be7 34.Ra1 Bb4 35.Nc3 a3 36.Nfe2 Bc4
37.bxa3 Bxe2 38.axb4 Rxa1 39.Nxe2 Rxb4 40.Nd4 Rbb1 41.Kg2 Rg1+ 42.Kh3 Rgf1
43.Ne6 Rad1 44.Ra2 Ra1 45.Rb2 Kg8 46.Rb7 Rfe1 47.Ng5 Ra6 48.Rxh7 Rg6 49.Rh5 Re3
50.Kg2 Ra6 51.Nh3 Ra2+ 52.Nf2 f4 53.Rf5 fxg3 54.hxg3 Raa3 55.Rg5+ Kf7 56.Rg4 Ra2
57.Rf4+ Ke6 58.Kh3 Rb3 59.Ne4 Rb8 60.Ng5+ Ke5 61.Nf3+ Kd6 62.Nh4 Rh8 63.Rf3 Ke5
64.Re3+ Kd4 65.Rb3 Re2 66.Kg4 Re4+ 67.Kh3 Re3 68.Rb4+ Ke5 69.Rb5+ Kf6 70.Rb6+ Re6
71.Rb4 Rg8 72.Rf4+ Ke7 73.Rf3 Rf6 74.Ra3 Rf1 75.Kg2 Rb1  1/2-1/2

[Event "V U20 Int"]
[Site "Los Llanos de Aridane ESP"]
[Date "2008.03.18"]
[Round "6"]
[White "De Nacimiento Montano,Ang"]
[Black "Matnadze,A"]
[Result "1/2-1/2"]
[WhiteElo "2106"]
[BlackElo "2385"]

1.e4 c5 2.Nf3 d6 3.Bb5+ Nc6 4.Bxc6+ bxc6 5.O-O e5 6.c3 Nf6 7.Re1 Bg4 8.d3 Be7
9.Nbd2 O-O 10.Nf1 Ne8 11.h3 Bxf3 12.Qxf3 Bg5 13.Ne3 Rb8 14.Qd1 Nc7 15.Nf5 Bxc1
16.Qxc1 g6 17.Ng3 Ne6 18.Qd2 Qh4 19.Rab1 f5 20.Nf1 Rb7 21.f3 f4 22.Qf2 Qxf2+
23.Kxf2 Rfb8 24.Re2 g5 25.Nd2 Rxb2 26.Rxb2 Rxb2 27.Nc4 Rb8 28.Nxd6 Rd8 29.Nc4 Rxd3
30.Rc2 Rd1 31.Nxe5 Nc7 32.Nxc6 Nb5 33.a4 Na3 34.Ra2 Nc4 35.Ke2 Rg1 36.Kd3 Ne3
37.e5 Kf7 38.Nxa7 Ke6 39.Nc8 Rd1+ 40.Ke2 Rg1 41.Kd3 Rd1+  1/2-1/2

[Event "10th Foxwoods Open"]
[Site "Ledyard USA"]
[Date "2008.03.19"]
[Round "1"]
[White "Rabin,E"]
[Black "Yanayt,E"]
[Result "1/2-1/2"]
[WhiteElo "1993"]
[BlackElo "2255"]

1.e4 c5 2.Nf3 d6 3.Bb5+ Bd7 4.Bxd7+ Qxd7 5.c4 g6 6.Nc3 Bg7 7.d4 cxd4 8.Nxd4 Nf6
9.f3 O-O 10.Be3 Nc6 11.Rc1 Rfc8 12.b3 Qd8 13.O-O Qa5 14.Nde2 a6 15.a4 Qb4
16.Nf4 e6 17.Nd3 Qa5 18.Qe2 d5 19.cxd5 exd5 20.exd5 Nxd5 21.Nxd5 Qxd5 22.Qd1 Re8
23.Bf2 Rad8 24.Nc5 Nd4 25.Kh1 b6 26.Bxd4 Bxd4 27.Nxa6 Qb7 28.Nc7 Be5 29.Qc2 Rc8
30.Nxe8 Rxc2 31.Rxc2 Qb8 32.Re2 Bxh2 33.Nf6+ Kg7 34.Ne8+ Kg8 35.Nf6+ Kg7
36.Ne8+  1/2-1/2

[Event "39th Open"]
[Site "Mar del Plata ARG"]
[Date "2008.03.19"]
[Round "6"]
[White "Pierrot,F"]
[Black "Ruperez,M"]
[Result "1-0"]
[WhiteElo "2450"]
[BlackElo "2100"]

1.e4 c5 2.Nf3 d6 3.Bb5+ Bd7 4.Bxd7+ Nxd7 5.O-O Ngf6 6.Re1 g6 7.b3 Bg7 8.Bb2 O-O
9.d4 cxd4 10.Bxd4 Qc7 11.c4 a6 12.Nc3 e6 13.Qd2 Rac8 14.Rac1 Rfd8 15.h3 Qb8
16.Qe2 Rc6 17.Rcd1 e5 18.Be3 b5 19.Nd2 Nb6 20.Qd3 Rdc8 21.Nd5 Nfxd5 22.exd5 R6c7
23.Rb1 Nd7 24.Ne4 Rb7 25.g4 Nf6 26.Nd2 Nd7 27.a4 Rf8 28.g5 f5 29.gxf6 Nxf6
30.Ne4 Nxe4 31.Qxe4 Qc8 32.Qg4 Rf5 33.cxb5 axb5 34.a5 Qd8 35.a6 Rbf7 36.Ra1 Qa8
37.a7 e4 38.Ra2 Rxd5 39.Qe6 Re5 40.Qxd6 Re8 41.Rc1 Be5 42.Qc6 Bf4 43.Qxe8+  1-0

[Event "Doeberl Cup"]
[Site "Canberra AUS"]
[Date "2008.03.20"]
[Round "1"]
[White "Schon,E"]
[Black "Mas,H"]
[Result "0-1"]
[WhiteElo "2002"]
[BlackElo "2382"]

1.e4 c5 2.Nf3 d6 3.Bb5+ Nd7 4.d4 Nf6 5.Nc3 cxd4 6.Qxd4 e5 7.Qd3 h6 8.Bxd7+ Bxd7
9.O-O Rc8 10.Be3 a6 11.a4 Be6 12.Rfe1 Qa5 13.Bd2 Qc7 14.a5 Bc4 15.Qe3 Ng4
16.Qb6 Qxb6 17.axb6 Be7 18.Rac1 Bd8 19.b3 Bxb6 20.bxc4 Bxf2+ 21.Kf1 Bxe1
22.Kxe1 Rxc4 23.Rb1 b5 24.Ra1 b4 25.Nd5 Rxe4+ 26.Kd1 Kd7 27.Rxa6 Rb8 28.Ra4 Nf2+
29.Kc1 b3 30.Rxe4 Nxe4 31.c3 Kc6 32.Nb4+ Kb5 33.Kb2 Kc4 34.Be1 f6 35.Nh4 g6
36.Nxg6 Nc5 37.Ne7 Rxb4 38.cxb4 Nd3+ 39.Ka3 Nxe1 40.b5 Kxb5 41.Kxb3 Nxg2
42.Nf5 Kc5 43.Nxh6 Nh4  0-1

[Event "10th Foxwoods Open"]
[Site "Ledyard USA"]
[Date "2008.03.20"]
[Round "2"]
[White "Becerra Rivero,J"]
[Black "Yeager,D"]
[Result "1-0"]
[WhiteElo "2573"]
[BlackElo "2265"]

1.e4 c5 2.Nf3 d6 3.Bb5+ Bd7 4.a4 Nc6 5.O-O Nf6 6.Re1 a6 7.Bf1 Bg4 8.d3 e6
9.Nbd2 Be7 10.h3 Bxf3 11.Nxf3 O-O 12.c3 Rc8 13.g3 d5 14.e5 Nd7 15.h4 Re8
16.Bh3 Nf8 17.h5 h6 18.Nh2 Nd7 19.f4 Bf8 20.Qe2 Kh8 21.Nf3 Rc7 22.Bd2 f6
23.Nh4 fxe5 24.Ng6+ Kg8 25.fxe5 Rc8 26.Rf1 Qc7 27.Rae1 b5 28.axb5 axb5 29.Bf4 Nd8
30.Ra1 Qb7 31.Rf2 Qb6 32.Kh2 Qc6 33.Raf1 Nb7 34.Bxh6 gxh6 35.Qg4 Bg7 36.Rf7  1-0

[Event "V U20 Int"]
[Site "Los Llanos de Aridane ESP"]
[Date "2008.03.20"]
[Round "8"]
[White "Herrera Reyes,J"]
[Black "Matnadze,A"]
[Result "0-1"]
[WhiteElo "2030"]
[BlackElo "2385"]

1.e4 c5 2.Nf3 d6 3.Bb5+ Nc6 4.Bxc6+ bxc6 5.c3 e5 6.O-O Nf6 7.d3 Bg4 8.h3 Bh5
9.Nbd2 Be7 10.Re1 O-O 11.Nf1 Kh8 12.Ng3 g6 13.Bh6 Bxf3 14.gxf3 Rg8 15.Qb3 Qe8
16.f4 Rb8 17.Qa3 Nh5 18.fxe5 Nxg3 19.exd6 Bxd6 20.e5 Be7 21.fxg3 g5 22.h4 Qd8
23.Re3 c4 24.Qxa7 Rxb2 25.e6 f6 26.Qd7 cxd3 27.Kf1 gxh4 28.Rd1 Qa5 29.g4 Qa4
30.Rdxd3 Qxg4 31.Rd2 Qf5+  0-1

[Event "57th ch-BUL w"]
[Site "Plovdiv BUL"]
[Date "2008.03.20"]
[Round "7"]
[White "Vladimirova,M"]
[Black "Videnova,I"]
[Result "0-1"]
[WhiteElo "1971"]
[BlackElo "2188"]

1.e4 c5 2.Nf3 d6 3.Bb5+ Bd7 4.Bxd7+ Qxd7 5.O-O Nc6 6.c3 Nf6 7.Re1 e6 8.d4 cxd4
9.cxd4 d5 10.Nc3 dxe4 11.Nxe4 Nxe4 12.Rxe4 Be7 13.Bf4 O-O 14.Ne5 Qd5 15.Nxc6 Qxe4
16.Nxe7+ Kh8 17.Bg5 Rfd8 18.d5 f6 19.Qd2 fxg5 20.Re1 Qf4 21.Qc2 exd5 22.Re3 g4
23.Qd2 Qg5 24.Qd4 Re8 25.Nxd5 Red8 26.Rd3 Rac8 27.h4 Rc1+ 28.Kh2 Qxh4+ 29.Rh3 g3+  0-1

[Event "10th Foxwoods Open"]
[Site "Ledyard USA"]
[Date "2008.03.21"]
[Round "4"]
[White "Friedman,J"]
[Black "Yeager,D"]
[Result "0-1"]
[WhiteElo "2182"]
[BlackElo "2265"]

1.Nf3 c5 2.e4 d6 3.Bb5+ Nd7 4.O-O Nf6 5.Re1 a6 6.Bf1 e6 7.a4 b6 8.Na3 Bb7
9.d3 Be7 10.Nc4 O-O 11.Bf4 Qc7 12.e5 dxe5 13.Nfxe5 Nxe5 14.Bxe5 Qc6 15.Qe2 Rad8
16.h3 Nd5 17.Qg4 Bf6 18.Qg3 Bxe5 19.Qxe5 Rfe8 20.Qg3 f6 21.Ne3 e5 22.Nxd5 Qxd5
23.Rad1 Qd4 24.b3 Ra8 25.Qe3 b5 26.Ra1 Bc6 27.axb5 axb5 28.Rxa8 Rxa8 29.Qxd4 cxd4
30.Be2 Ra2 31.Rc1 b4 32.Kf1 Kf7 33.g3 Ke6 34.Ke1 Bd5 35.Bd1 f5 36.Rb1 e4
37.Kd2 Ke5 38.Be2 g5 39.Bf1 h5 40.h4 gxh4 41.gxh4 Kf4 42.dxe4 fxe4 43.Be2 d3
44.Bd1 dxc2 45.Bxc2 Kf3 46.Re1 Kxf2 47.Re2+ Kf3 48.Re3+ Kf4 49.Rh3 e3+  0-1

[Event "39th Open"]
[Site "Mar del Plata ARG"]
[Date "2008.03.21"]
[Round "8"]
[White "Pierrot,F"]
[Black "Cuevas,A"]
[Result "0-1"]
[WhiteElo "2450"]
[BlackElo "2165"]

1.e4 c5 2.Nf3 d6 3.Bb5+ Bd7 4.Bxd7+ Qxd7 5.O-O Nc6 6.d4 cxd4 7.Nxd4 Nf6 8.Re1 e6
9.c4 Be7 10.Nc3 O-O 11.b3 Nxd4 12.Qxd4 Qc6 13.Bb2 Rfd8 14.Rad1 Ne8 15.Qd2 a6
16.a4 Bf6 17.Rc1 Qc5 18.Nd1 Bg5 19.Ne3 Qb6 20.Qd3 Rac8 21.Bd4 Qa5 22.Bc3 Qb6
23.Bd2 Qc6 24.a5 h6 25.Ng4 Nf6 26.Nxf6+ Bxf6 27.Be3 Qe8 28.Bb6 Rd7 29.b4 Bd8
30.Bd4 Bc7 31.Qg3 f6 32.Bxf6 d5 33.Qg4 dxc4 34.Bc3 b5 35.axb6 Bxb6 36.Re2 Qf7
37.Be1 e5 38.Rec2 Bd4 39.g3 Rdc7 40.Kg2 c3 41.Qe2 Qc4 42.Kf1 Qe6 43.Ra1 Rc4
44.Kg2 R8c6 45.Rb1 Rb6 46.Rb3 Qc6 47.Ra3 Rbxb4 48.Raa2 Ra4 49.Rxa4 Rxa4 50.f3 Rc4
51.Qd1 a5 52.Qa1 a4 53.Qa2 Kh7 54.Bf2 Rb4  0-1

[Event "1st Int di Pasqua"]
[Site "Bologna ITA"]
[Date "2008.03.22"]
[Round "4"]
[White "Ronchetti,N"]
[Black "Martinez,Ro"]
[Result "1-0"]
[WhiteElo "2431"]
[BlackElo "2447"]

1.e4 c5 2.Nf3 d6 3.Bb5+ Nc6 4.O-O Bd7 5.c3 Nf6 6.Re1 a6 7.Ba4 e5 8.h3 Be7
9.d4 b5 10.Bc2 O-O 11.Be3 Qc7 12.d5 Na5 13.b3 c4 14.b4 Nb7 15.a4 bxa4 16.Na3 h6
17.Nd2 Nxe4 18.Bxe4 f5 19.Naxc4 fxe4 20.Nb6 a5 21.Nxd7 Qxd7 22.Qxa4 Qf5 23.Qc6 Bh4
24.Rf1 Rf7 25.bxa5 Rc8 26.Qb5 Nc5 27.a6 Bg5 28.a7 Rff8 29.Nc4 Qg6 30.Nb6 Nd3
31.Nxc8 Nf4 32.Bxf4 exf4 33.f3  1-0

[Event "9th North American Inv"]
[Site "Chicago USA"]
[Date "2008.03.22"]
[Round "1"]
[White "Pasalic,M"]
[Black "Amanov,M"]
[Result "1/2-1/2"]
[WhiteElo "2395"]
[BlackElo "2403"]

1.e4 c5 2.Nf3 d6 3.Bb5+ Bd7 4.Bxd7+ Qxd7 5.c4 Nf6 6.Nc3 Nc6 7.O-O g6 8.d4 cxd4
9.Nxd4 Bg7 10.Nde2 O-O 11.f3 Rac8 12.Be3 Na5 13.b3 a6 14.a4 Qd8 15.Rb1 Nc6
16.Kh1 Nd7 17.Qd2 Nc5 18.Rfd1 Na5 19.Qc2 Ne6 20.Qd2 Nc5 21.Qc2  1/2-1/2

[Event "10th Foxwoods Open"]
[Site "Ledyard USA"]
[Date "2008.03.22"]
[Round "6"]
[White "Formanek,E"]
[Black "Critelli,J"]
[Result "1/2-1/2"]
[WhiteElo "2274"]
[BlackElo "2346"]

1.e4 c5 2.Nf3 d6 3.Bb5+ Nd7 4.c4 Nf6 5.Nc3 e6 6.d4 cxd4 7.Qxd4 Be7 8.Ba4 O-O
9.Bc2 a6 10.O-O Qc7 11.a4 b6 12.Bg5 Bb7 13.Rac1 Rfd8 14.Bh4 Ne5 15.Nd2 Qc5
16.Ne2 Nc6 17.Qc3 Rac8 18.Nf4 Qe5 19.Ne2 Qh5 20.Nf3 Nxe4 21.Bxe4 Bxh4 22.Qe3 Rd7
23.Nf4 Qh6 24.Nxe6 Qxe3 25.fxe3 fxe6 26.Nxh4 Ne5 27.Bxb7 Rxb7 28.b3 Rf7  1/2-1/2

[Event "72nd ch-BUL"]
[Site "Plovdiv BUL"]
[Date "2008.03.22"]
[Round "11"]
[White "Arnaudov,G"]
[Black "Mladenov,P"]
[Result "1/2-1/2"]
[WhiteElo "2345"]
[BlackElo "2288"]

1.e4 c5 2.Nf3 d6 3.Bb5+ Bd7 4.Bxd7+ Qxd7 5.O-O Nc6 6.c3 Nf6 7.d4 cxd4 8.cxd4 d5
9.e5 Ne4 10.Ne1 h6 11.f3 Ng5 12.Be3 e6 13.Nc3 Be7 14.Qd3 f5 15.exf6 Bxf6
16.f4 Ne4 17.Nxe4 dxe4 18.Qxe4 Nxd4 19.Nd3 O-O 20.Nc5 Qd5 21.Qxd5 exd5 22.Rad1 Nf5
23.Bf2 Bxb2 24.Rxd5 Rad8 25.Rfd1 Rxd5 26.Rxd5 b6 27.Nd3 Ba3 28.Rd7 Rf7 29.Rxf7 Kxf7
30.Ne5+ Ke6 31.Nc6 Kd5 32.Nxa7 Bc5 33.Nb5 Kc4 34.Nc7 h5 35.Ne6 Bxf2+ 36.Kxf2 b5
37.Kf3 b4 38.g4 hxg4+ 39.Kxg4 g6 40.Kg5 Ne7 41.Kf6 Nd5+ 42.Kxg6 Nc3 43.f5 Nxa2
44.f6 b3 45.f7 b2 46.f8=Q b1=Q+ 47.Kh6 Qc1+ 48.Qf4+ Kd5 49.Qxc1 Nxc1 50.Nf4+ Ke5
51.Kg5 Nb3 52.h4 Nd4 53.h5 Nf5 54.Nd3+ Ke6 55.Nc5+ Ke5 56.Nd3+ Ke6 57.Nf4+ Ke5
58.Nd5 Ng7 59.h6 Ne6+ 60.Kh5 Nf8 61.Nc3 Kf6 62.Ne4+ Kf7 63.Nc5 Kg8  1/2-1/2

[Event "Far West Open"]
[Site "Reno USA"]
[Date "2008.03.22"]
[Round "3"]
[White "Mezentsev,V"]
[Black "Naroditsky,D"]
[Result "0-1"]
[WhiteElo "2398"]
[BlackElo "2205"]

1.e4 c5 2.Nf3 d6 3.Bb5+ Bd7 4.Bxd7+ Qxd7 5.O-O Nf6 6.e5 dxe5 7.Nxe5 Qc8 8.d4 e6
9.Nc3 Nc6 10.Be3 Be7 11.Nxc6 Qxc6 12.dxc5 Bxc5 13.Bxc5 Qxc5 14.Qf3 Qb6 15.Na4 Qc7
16.b3 O-O 17.c4 Rad8 18.Rfd1 b6 19.Nc3 Qe5 20.h3 h6 21.a4 Qa5 22.Nb5 a6 23.Nd4 Qc5
24.Nc2 Rfe8 25.Qe2 a5 26.Ne1 e5 27.Nc2 e4 28.Qe3 Qc7 29.Nd4 Nd7 30.Nb5 Qe5
31.Nc3 Nc5 32.Nd5 Rd6 33.Rab1 Rg6 34.Nxb6 Nd3 35.Nd5 f5 36.f4 exf3 37.Qxd3 Rxg2+
38.Kf1 Rg1+ 39.Kxg1 Qg3+ 40.Kf1  0-1

[Event "TCh-FRA Top 16 Gp B"]
[Site "Cannes FRA"]
[Date "2008.03.23"]
[Round "2"]
[White "Svetushkin,D"]
[Black "Ninov,N"]
[Result "1-0"]
[WhiteElo "2565"]
[BlackElo "2501"]

1.e4 c5 2.Nf3 d6 3.Bb5+ Bd7 4.Bxd7+ Qxd7 5.c4 Nf6 6.Nc3 Nc6 7.O-O g6 8.d4 cxd4
9.Nxd4 Bg7 10.Nde2 Qe6 11.Nd5 Qxe4 12.Nc7+ Kd7 13.Nxa8 Qxc4 14.Nb6+ axb6
15.Nc3 b5 16.Be3 b4 17.Na4 Nd5 18.Rc1 Qxa2 19.Re1 e6 20.Re2 b5 21.Nb6+ Nxb6
22.Bxb6 Qa6 23.Rd2 Be5 24.Bc5 d5 25.Rxd5+ exd5 26.Qxd5+ Kc7 27.Bb6+ Kb8 28.Qxc6 Bxb2
29.Qd6+ Ka8 30.Qd5+ Kb8 31.Qd6+ Ka8 32.Rd1 Rc8 33.Qd5+ Kb8 34.Be3 f6 35.g3 Qc6
36.Qf7 Rc7 37.Qf8+ Kb7 38.Rd6 Rc8 39.Qe7+ Rc7 40.Qe6 Qc4 41.Rb6+ Ka8 42.Qe8+ Rc8
43.Ra6+ Kb8 44.Qd7 Rc7 45.Qd8+  1-0

[Event "2nd Agzamov Memorial"]
[Site "Tashkent UZB"]
[Date "2008.03.23"]
[Round "4"]
[White "Zubarev,Al1"]
[Black "Fedorov,Alex"]
[Result "1/2-1/2"]
[WhiteElo "2491"]
[BlackElo "2607"]

1.e4 c5 2.Nf3 d6 3.Bb5+ Nd7 4.d4 Nf6 5.Nc3 cxd4 6.Qxd4 e5 7.Qd3 h6 8.a4 a6
9.Bc4 Nc5 10.Qe2 Bg4 11.h3 Bh5 12.O-O Rc8 13.Rd1 Qc7 14.Nd5 Nxd5 15.Bxd5 Be7
16.Be3  1/2-1/2

[Event "ch-TUR"]
[Site "Ankara TUR"]
[Date "2008.03.24"]
[Round "2"]
[White "Secer,A"]
[Black "Erdogdu,M"]
[Result "0-1"]
[WhiteElo "2308"]
[BlackElo "2434"]

1.e4 c5 2.Nf3 d6 3.Bb5+ Nd7 4.O-O Nf6 5.d4 Nxe4 6.Re1 Nf6 7.Bg5 cxd4 8.Nxd4 e6
9.Nf5 a6 10.Bxd7+ Bxd7 11.Nxd6+ Bxd6 12.Qxd6 Bc6 13.Qe5 Qd5 14.Qxd5 Nxd5
15.c4 Nb4 16.Re2 f6 17.Be3 Rd8 18.Nc3 Kf7 19.b3 g5 20.Bb6 Rd3 21.Ba5 Rxc3
22.Bxb4 Rd3 23.Ba5 e5 24.Kf1 g4 25.Ree1 h5 26.Rad1 Be4 27.Rxd3 Bxd3+ 28.Kg1 Rc8
29.Rd1 e4 30.Bb6 Ke6 31.Be3 Ke5 32.f3 f5 33.f4+ Kd6 34.Kf2 h4 35.Ke1 b5 36.c5+ Kd5
37.Rc1 Kc6 38.a3 a5 39.Bd2 a4 40.b4 g3 41.h3 e3 42.Bc3 Be4 43.Bf6 Bxg2 44.Ke2 Bd5
45.Bxh4 g2 46.Kxe3 Rh8 47.Bf2 Rxh3+ 48.Kd2 Rxa3  0-1

[Event "15th Belisce Metalis Open"]
[Site "Bizovac CRO"]
[Date "2008.03.24"]
[Round "7"]
[White "Segovic,G"]
[Black "Nevednichy,V"]
[Result "0-1"]
[WhiteElo "2126"]
[BlackElo "2538"]

1.e4 c5 2.Nf3 d6 3.Bb5+ Nd7 4.d4 Nf6 5.Nc3 a6 6.Bxd7+ Nxd7 7.O-O e6 8.Be3 b5
9.a4 b4 10.Ne2 a5 11.Ng3 Be7 12.c4 bxc3 13.bxc3 Ba6 14.Re1 O-O 15.Nd2 Rb8
16.Qh5 cxd4 17.cxd4 d5 18.e5 Bd3 19.f4 g6 20.Qh6 Re8 21.Nf3 Bf8 22.Qh3 Bg7
23.Nh1 Rb3 24.Nf2 Qb6 25.g4 Nf8 26.Nxd3 Rxd3 27.Rab1 Rb3 28.Rxb3 Qxb3 29.f5 exf5
30.gxf5 gxf5 31.Qxf5 Qxa4 32.Kh1 Qd7 33.Qh5 a4 34.Rg1 Re6 35.Nh4 Ng6 36.Nf5 a3
37.Bg5 a2 38.Qe2 Rxe5 39.dxe5 Qxf5 40.Qxa2 Qe4+ 41.Rg2 h6 42.Bxh6 Bxh6 43.Qc2 Qxe5
44.Re2 Qa1+  0-1

[Event "57th ch-BUL w"]
[Site "Plovdiv BUL"]
[Date "2008.03.24"]
[Round "11"]
[White "Vladimirova,M"]
[Black "Nikolova,A"]
[Result "1-0"]
[WhiteElo "1971"]
[BlackElo "2194"]

1.e4 c5 2.Nf3 d6 3.Bb5+ Bd7 4.Bxd7+ Qxd7 5.O-O Nc6 6.c3 Nf6 7.Re1 e6 8.d4 cxd4
9.cxd4 d5 10.e5 Ng8 11.Nc3 Nge7 12.a3 Nc8 13.Qd3 a6 14.b3 b5 15.Ne2 Be7 16.Bg5 Bxg5
17.Nxg5 h6 18.Nf3 O-O 19.Nf4 N8a7 20.Nh5 Qe7 21.Qe3 Kh7 22.Qf4 f5 23.exf6 gxf6
24.Qg4 f5 25.Qf4 Qf7 26.Qh4 Rae8 27.Rac1 Qe7 28.Qf4 Qf7 29.Qh4 Qe7 30.Qf4 Qf7
31.Ng3 Re7 32.Rc5 Na5 33.Ne5 Qg7 34.Qf3 Qg5 35.Rec1 Rg8 36.Rc7 Rgg7 37.R7c5 Rg8
38.R1c3 Reg7 39.Kf1 Qh4 40.Nxf5 exf5 41.Qxf5+ Kh8 42.Rh3 Qg5 43.Qxg5 Rxg5
44.Nf7+ Kh7 45.Rc7 N5c6 46.Nxg5+ Kg6 47.Ne6 Kf5 48.Nc5 Ra8 49.Rh5+ Kg6 50.Rxd5 b4
51.Rd6+ Kh5 52.Rg7 Rh8 53.Rd5+ Ne5 54.Rxe5+ Kh4 55.g3+ Kh3 56.Rh5+  1-0